000 00873cam a2200253 a 4500
001 4032927
005 20180202074006.0
008 980227s1998 nyu b 001 0 eng
010 _a 98015430
020 _a0679434453 (alk. paper)
040 _aDLC
_cDLC
_dDLC
041 _aeng
051 _aCB151
_b.B66 1998 Copy 3
_cIn dust jacket.
080 _a909 BOO
082 0 0 _a909 BOO
_221
100 1 _a16
101 _aHIS
245 1 4 _aThe seekers :
_cDaniel J. Boorstin.
504 _aIncludes bibliographical references (p. [261]-277) and index.
906 _a7
_bcbc
_corignew
_d1
_eocip
_f19
_gy-gencatlg
942 _2ddc
_cBK
999 _c41651
_d41651